00344nam a2200133 a 45000010010000000030011000100080041000210350026000620820014000881000017001022450032001192600041001516500018001920000-9301ELIB.Books110520 1980  a(ELIB.Books)0000-9453 a228 bSmi aSmith, Chuck aWhat the World is Coming to bCost Mesa: The Word For Today c1980 aNew Testament